000 00730nam a2200277Ia 4500
001 15421
005 20240113235624.0
007 ta
008 051207s1997 a g b000 u 465 u
020 _a81-219-1448-5
040 _aCotton College,Assam
041 _a465
082 _a515.63
_bRa 13 Ve
100 _aRaisinghania, M.D..
245 0 _aVector Calculus /
_cM.D.Raisinghania.
_hTextual Documents
250 _a3rd ed. /
260 _aNew Delhi :
_bS. Chand & Company ,
_c1997.
300 _aviii,318p. :
_bill ;
_c22cm .
653 _aVector Calculus
653 _aCalculus-Vector
653 _aG-Mathematics
942 _2ddc
_cBK
999 _c15407
_d15407